[Event "Werner-Ott-Open Kreuzberger Sommer 2017"]
[Site "Berlin"]
[Date "2017.07.22"]
[Round "8.1"]
[White "Barath, Madhan"]
[Black "Stern, Rene"]
[Result "1/2-1/2"]
[WhiteElo "2227"]
[BlackElo "2488"]
[PlyCount "80"]
[EventDate "2017.??.??"]
[WhiteTeam "SC Zugzwang 95 (Berlin)"]
[BlackTeam "SK König Tegel"]

1. e4 e5 2. Nf3 Nc6 3. Bb5 a6 4. Ba4 Nf6 5. O-O Be7 6. Re1 b5 7. Bb3 d6 8. c3
O-O 9. h3 Na5 10. Bc2 c5 11. d4 Qc7 12. Nbd2 Nc6 13. d5 Nd8 14. Nf1 Bd7 15.
N3h2 Ne8 16. a4 Rb8 17. axb5 axb5 18. f4 exf4 19. Bxf4 f6 20. Ng3 Nf7 21. Nf5
Bd8 22. Qd3 Ne5 23. Qg3 Kh8 24. Ng4 Bxf5 25. exf5 Qb7 26. Be4 Bb6 27. Kh2 c4
28. Ne3 Nc7 29. Nc2 Na6 30. Nd4 Nc5 31. Ne6 Rg8 32. Bxe5 fxe5 33. Qh4 Bd8 34.
Qh5 Nxe4 35. Rxe4 Qxd5 36. Nxd8 Rgxd8 37. Rh4 Qg8 38. Ra7 Ra8 39. Re7 Re8 40.
Rd7 Red8 1/2-1/2

[Event "Werner-Ott-Open Kreuzberger Sommer 2017"]
[Site "Berlin"]
[Date "2017.07.22"]
[Round "8.2"]
[White "Muse, Drazen"]
[Black "Malek, Daniel"]
[Result "1/2-1/2"]
[WhiteElo "2353"]
[BlackElo "2382"]
[PlyCount "102"]
[EventDate "2017.??.??"]
[WhiteTeam "SK König Tegel"]
[BlackTeam "SK Zehlendorf"]

1. Nf3 Nf6 2. c4 e6 3. Nc3 d5 4. d4 c6 5. e3 Nbd7 6. Bd3 dxc4 7. Bxc4 b5 8. Bd3
Bd6 9. Bd2 Bb7 10. Rc1 O-O 11. O-O Rc8 12. Ng5 e5 13. Nce4 Bb8 14. Bb4 Nxe4 15.
Nxe4 Re8 16. Qh5 h6 17. Qf5 Nf8 18. Bxf8 Kxf8 19. Nc5 Rc7 20. Nxb7 Rxb7 21. Be4
Rb6 22. Bxc6 Re6 23. d5 Rf6 24. Qh3 g5 25. e4 Kg7 26. Bd7 Qe7 27. Bf5 Rfd6 28.
Rc2 Rd8 29. Rfc1 Bd6 30. Qh5 b4 31. b3 Rb5 32. Rc6 Rdb8 33. g3 R8b6 34. h4 Rxc6
35. dxc6 gxh4 36. gxh4 Rc5 37. Qg4+ Kh8 38. Rxc5 Bxc5 39. Kg2 Bb6 40. Bd7 Qf6
41. Qf5 Qxf5 42. exf5 Kg7 43. Kf3 Kf6 44. Ke4 Bc7 45. f3 Ke7 46. Kd5 f6 47. h5
a5 48. Kc5 Bd8 49. Kb5 Kd6 50. Ka6 Bc7 51. Kb7 Bd8 1/2-1/2

[Event "Werner-Ott-Open Kreuzberger Sommer 2017"]
[Site "Berlin"]
[Date "2017.07.22"]
[Round "8.3"]
[White "Abel, Dennes"]
[Black "Von Herman, Ulf"]
[Result "1/2-1/2"]
[WhiteElo "2466"]
[BlackElo "2345"]
[PlyCount "111"]
[EventDate "2017.??.??"]
[WhiteTeam "SF Berlin"]
[BlackTeam "SK König Tegel"]

1. Nf3 Nf6 2. c4 e6 3. d4 d5 4. g3 Bb4+ 5. Nbd2 O-O 6. Bg2 b6 7. O-O Bb7 8. Ne5
a5 9. Ndf3 dxc4 10. Nxc4 Nbd7 11. Bf4 Ra7 12. Rc1 Nd5 13. Bg5 Qa8 14. a3 Be7
15. Bxe7 Nxe7 16. Qd2 Rd8 17. Rfd1 Nf6 18. a4 h6 19. Na3 c6 20. Qc2 Nfd5 21.
Qb3 Ba6 22. e3 Rb8 23. Rd2 b5 24. Ne5 Rab7 25. axb5 cxb5 26. e4 a4 27. Qf3 Nf6
28. d5 b4 29. Nac4 Bxc4 30. Nxc4 Rc8 31. d6 Nc6 32. Qd1 e5 33. Ra1 b3 34. Rc1
Rd8 35. h3 Nd7 36. Kh2 Qa7 37. f4 f6 38. Qg4 Nf8 39. fxe5 fxe5 40. Rcd1 Qc5 41.
Bf1 Rf7 42. Qe2 Ne6 43. Rd5 Rf2+ 44. Kg1 Rxe2+ 45. Rxc5 Nxc5 46. Bxe2 Nd4 47.
Bg4 h5 48. Bxh5 Nxe4 49. Nxe5 Rxd6 50. Nc4 Rd8 51. Kg2 Nc5 52. Bg6 Nce6 53. h4
Rc8 54. Bd3 Nc2 55. Kh3 Ra8 56. Rd2 1/2-1/2

[Event "Werner-Ott-Open Kreuzberger Sommer 2017"]
[Site "Berlin"]
[Date "2017.07.22"]
[Round "8.4"]
[White "Berger, Steve"]
[Black "Kauschmann, Herbert"]
[Result "1-0"]
[WhiteElo "2411"]
[BlackElo "2165"]
[PlyCount "6"]
[EventDate "2017.??.??"]
[WhiteTeam "SK König Tegel"]
[BlackTeam "BSC Rehberge"]

1. e4 g6 2. d4 Bg7 3. Bc4 (3. c4 Nc6 4. Nf3 e5 5. Bg5 f6 6. Be3 exd4 7. Nxd4
Nxd4 8. Qxd4 Qe7 9. Nc3 c6 10. Qd2 d6 11. O-O-O f5 12. exf5 Bxf5 13. Qxd6 Qxd6
14. Rxd6 Be5 15. Rd1 Nf6 16. Bd3 Be6 17. Rhe1 Kf7 18. Kc2 b6 19. Bg5 Nd7 20. f4
Bc7 21. Rxe6 Kxe6 22. Re1+) 3... c6 1-0

[Event "Werner-Ott-Open Kreuzberger Sommer 2017"]
[Site "Berlin"]
[Date "2017.07.22"]
[Round "8.5"]
[White "Kohler, Thomas"]
[Black "Klenburg, Michael"]
[Result "1/2-1/2"]
[WhiteElo "2164"]
[BlackElo "2362"]
[PlyCount "66"]
[EventDate "2017.??.??"]
[WhiteTeam "SC Zitadelle Spandau"]
[BlackTeam "Beer Sheva CC"]

1. c4 e5 2. g3 d6 3. Bg2 f5 4. Nc3 Nf6 5. d3 Be7 6. e4 Nc6 7. Nge2 O-O 8. O-O
Qe8 9. Nd5 Bd8 10. f3 Qg6 11. Bd2 h5 12. b4 Nxd5 13. cxd5 Nb8 14. f4 c6 15.
fxe5 dxe5 16. d4 Bb6 17. Kh1 Bxd4 18. Nxd4 exd4 19. Bc1 fxe4 20. Rxf8+ Kxf8 21.
Qxd4 cxd5 22. Qxd5 Nc6 23. b5 Be6 24. Qxe4 Qxe4 25. Bxe4 Nd8 26. Ba3+ Kg8 27.
Rf1 Bf7 28. Be7 Rc8 29. Bxd8 Rxd8 30. Bxb7 Bxa2 31. Ra1 Bd5+ 32. Bxd5+ Rxd5 33.
Rxa7 Rxb5 1/2-1/2

[Event "Werner-Ott-Open Kreuzberger Sommer 2017"]
[Site "Berlin"]
[Date "2017.07.22"]
[Round "8.6"]
[White "Melamed, Tatjana"]
[Black "Silz, Elisa"]
[Result "1-0"]
[WhiteElo "2346"]
[BlackElo "2006"]
[PlyCount "103"]
[EventDate "2017.??.??"]
[WhiteTeam "AE Magdeburg"]
[BlackTeam "SV Empor Berlin"]

1. e4 c5 2. b3 d6 3. Bb2 a6 4. f4 Nc6 5. Nf3 Nf6 6. Nc3 e6 7. Be2 Be7 8. O-O
O-O 9. Qe1 Nd4 10. Bd1 Rb8 11. e5 Nxf3+ 12. Bxf3 Ne8 13. Ne4 d5 14. Ng3 g6 15.
d4 Qc7 16. dxc5 Qxc5+ 17. Rf2 Ng7 18. Kh1 Bh4 19. Rd2 Nf5 20. Bg4 Nxg3+ 21.
hxg3 Be7 22. Bf3 Qc7 23. Qe2 b5 24. Bd4 Bd7 25. g4 f6 26. g3 fxe5 27. Bxe5 Bd6
28. Bxd6 Qxd6 29. c4 Bc6 30. Rad1 Rbe8 31. Qg2 bxc4 32. bxc4 Ba4 33. Re1 d4 34.
Re5 Kh8 35. c5 Qd7 36. Qe2 Bb5 37. Qe4 d3 38. Kh2 Qc7 39. Qb4 Qd7 40. Qc3 Kg8
41. c6 Qd6 42. a4 Bxa4 43. Rxd3 Qb8 44. Rd7 Qb3 45. Qxb3 Bxb3 46. c7 Ba4 47.
Rd6 Re7 48. Rc5 Bd7 49. Rxd7 Rxd7 50. c8=Q Rxc8 51. Rxc8+ Kf7 52. Ra8 1-0

[Event "Werner-Ott-Open Kreuzberger Sommer 2017"]
[Site "Berlin"]
[Date "2017.07.22"]
[Round "8.7"]
[White "Polatel, Ali"]
[Black "Wierzbicki, Jirawat"]
[Result "1/2-1/2"]
[WhiteElo "2211"]
[BlackElo "2081"]
[PlyCount "120"]
[EventDate "2017.??.??"]
[WhiteTeam "SC Zugzwang 95"]
[BlackTeam "SK König Tegel"]

1. c4 e5 2. g3 Nf6 3. Bg2 d5 4. cxd5 Nxd5 5. Nf3 Nc6 6. O-O Nb6 7. b3 Be7 8.
Bb2 f6 9. d3 Be6 10. Nbd2 O-O 11. Rc1 Qd7 12. Ne4 a5 13. d4 exd4 14. Nxd4 Nxd4
15. Qxd4 Qxd4 16. Bxd4 Nd5 17. Bc5 c6 18. Bxe7 Nxe7 19. Nc5 Bc8 20. Rfd1 Rb8
21. e4 Re8 22. Nd7 Bxd7 23. Rxd7 Ng6 24. f4 Nf8 25. Rd2 Rbd8 26. Rcd1 Ne6 27.
Kf2 Rxd2+ 28. Rxd2 Nc5 29. Rd4 Ne6 30. Rd2 Nc5 31. Rd4 Ne6 32. Rc4 Rd8 33. Bh3
Kf7 34. Ke3 Rd1 35. Bg4 Rd8 36. h4 Ke7 37. h5 h6 38. Bxe6 Kxe6 39. Rc5 Ra8 40.
e5 fxe5 41. Rxe5+ Kf7 42. Rc5 Ke6 43. Ke4 Kd6 44. Re5 b5 45. Kf5 Ra7 46. Re6+
Kd5 47. Re1 c5 48. Rd1+ Kc6 49. Ke6 c4 50. bxc4 bxc4 51. g4 Kc5 52. g5 hxg5 53.
fxg5 c3 54. g6 Kc4 55. h6 gxh6 56. Rd7 Rxd7 57. Kxd7 c2 58. g7 c1=Q 59. g8=Q+
Kd3 60. Qd5+ Ke3 1/2-1/2

[Event "Werner-Ott-Open Kreuzberger Sommer 2017"]
[Site "Berlin"]
[Date "2017.07.22"]
[Round "8.8"]
[White "Niehaus, Frank"]
[Black "Jurkatis, Hagen"]
[Result "1/2-1/2"]
[WhiteElo "2199"]
[BlackElo "1988"]
[PlyCount "58"]
[EventDate "2017.??.??"]
[WhiteTeam "SK König Tegel"]
[BlackTeam "SG Weißensee 49"]

1. e4 d6 2. d4 Nf6 3. Nc3 e5 4. f4 exd4 5. Qxd4 Be7 6. Nf3 O-O 7. Be3 a6 8.
O-O-O b5 9. e5 dxe5 10. fxe5 Qxd4 11. Bxd4 Nfd7 12. Bd3 Nc5 13. Nd5 Nxd3+ 14.
Rxd3 Bd8 15. Rhd1 Nc6 16. Rc3 Bb7 17. Bc5 Re8 18. Re3 Re6 19. Kb1 g5 20. g4 Kg7
21. Nc3 h6 22. Ne2 Be7 23. Bxe7 Rxe7 24. Ng3 Bc8 25. h3 Kg6 26. Rde1 Bd7 27.
Nh5 Be6 28. a3 Rd8 29. b3 Bd5 1/2-1/2

[Event "Werner-Ott-Open Kreuzberger Sommer 2017"]
[Site "Berlin"]
[Date "2017.07.22"]
[Round "8.9"]
[White "Kuehn, Timo"]
[Black "Burchardt, Brigitte"]
[Result "1/2-1/2"]
[WhiteElo "1975"]
[BlackElo "2194"]
[PlyCount "107"]
[EventDate "2017.??.??"]
[WhiteTeam "SV Unterkochen"]
[BlackTeam "SC Rotation Pankow"]

1. e4 c5 2. Nc3 d6 3. g3 Nc6 4. Bg2 Nf6 5. d3 Rb8 6. f4 e5 7. Nf3 Be7 8. O-O
O-O 9. h3 exf4 10. g4 Nd7 11. Bxf4 Nde5 12. Nd5 Nxf3+ 13. Qxf3 Bh4 14. c3 Be6
15. Bh2 Ne5 16. Bxe5 dxe5 17. c4 Rc8 18. Qe3 Rc6 19. Rab1 Bc8 20. a3 b6 21. b3
Rg6 22. Rb2 h5 23. gxh5 Rg3 24. Rf3 Rg5 25. Kf1 Rxh5 26. Ke2 f5 27. exf5 Bxf5
28. Kd1 Re8 29. Rf1 Qd7 30. Re2 Rg5 31. Kc2 Bg6 32. Be4 Rg3 33. Qxg3 Bxg3 34.
Bxg6 Rd8 35. Be4 Rf8 36. Rg1 Qxh3 37. Ne7+ Kf7 38. Nf5 Bf4 39. Rxg7+ Ke6 40.
Rg6+ Rf6 41. Rxf6+ Kxf6 42. Rg2 Bg5 43. Kb2 Qh8 44. Kc2 Qh5 45. Rf2 Qh3 46. Rg2
Bf4 47. Kb2 Qh8 48. Kc2 Qh5 49. Rf2 Qh3 50. Rg2 Bg5 51. Kb2 Qh5 52. Kc2 Bf4 53.
Rf2 Qh8 54. Rg2 1/2-1/2

[Event "Werner-Ott-Open Kreuzberger Sommer 2017"]
[Site "Berlin"]
[Date "2017.07.22"]
[Round "8.11"]
[White "Acikel, Mert"]
[Black "Gebigke, Martin"]
[Result "1/2-1/2"]
[WhiteElo "1808"]
[BlackElo "2114"]
[PlyCount "123"]
[EventDate "2017.??.??"]
[WhiteTeam "SK König Tegel"]
[BlackTeam "SC Kreuzberg"]

1. e4 c5 2. Nf3 d6 3. d4 cxd4 4. Nxd4 Nf6 5. Nc3 a6 6. Be3 e6 7. Be2 Nc6 8. O-O
Qc7 9. f4 Be7 10. Kh1 O-O 11. Bf3 Nxd4 12. Bxd4 e5 13. Be3 exf4 14. Bxf4 Be6
15. Ne2 Rac8 16. Nd4 Rfe8 17. c3 Bf8 18. Bg5 Nd7 19. Nxe6 fxe6 20. Bf4 Qc5 21.
Qe2 Ne5 22. Bxe5 Qxe5 23. Qd3 Be7 24. Bd1 Bf6 25. Bb3 Kh8 26. Rae1 Qh5 27. Qf3
Qe5 28. Qf4 Qxf4 29. Rxf4 h5 30. Rf3 Rc6 31. Rd3 Be5 32. Rh3 g6 33. g4 Rc7 34.
gxh5 Rh7 35. Rg1 Rxh5 36. Rxh5+ gxh5 37. Rg5 h4 38. Rh5+ Kg7 39. Rxh4 Bf6 40.
Rg4+ Kf7 41. Kg2 Rh8 42. h3 Rh5 43. Rg3 Be5 44. Rg4 Bf6 45. Rg3 Rb5 46. Rf3 a5
47. Rf2 Rg5+ 48. Kf3 Rh5 49. Kg2 Ke7 50. Bd1 Re5 51. Bf3 Bh4 52. Re2 Rg5+ 53.
Bg4 Kf6 54. Kf3 Ke5 55. Ke3 Rg8 56. Kd3 b5 57. Re3 Rc8 58. Rf3 Bf6 59. Re3 a4
60. Rf3 Rc7 61. Rf2 Rc8 62. Rf3 1/2-1/2

[Event "Werner-Ott-Open Kreuzberger Sommer 2017"]
[Site "Berlin"]
[Date "2017.07.22"]
[Round "8.12"]
[White "Pueschel, Werner"]
[Black "Federau, Juergen"]
[Result "0-1"]
[WhiteElo "2012"]
[BlackElo "2103"]
[PlyCount "84"]
[EventDate "2017.??.??"]
[WhiteTeam "Lasker Steglitz-Wilmersdorf"]
[BlackTeam "SC Kreuzberg"]

1. c4 Nf6 2. d4 e6 3. a3 d5 4. e3 Be7 5. Nf3 O-O 6. b3 b6 7. Be2 Bb7 8. O-O
Nbd7 9. Bb2 c5 10. Nbd2 Rc8 11. Rc1 Ne4 12. Nxe4 dxe4 13. Ne1 Qc7 14. Qc2 Bd6
15. g3 f5 16. f4 exf3 17. Bxf3 Nf6 18. d5 exd5 19. Bxf6 Rxf6 20. cxd5 Re8 21.
Ng2 Qf7 22. Rcd1 g5 23. Qe2 g4 24. Bxg4 fxg4 25. Qxg4+ Qg7 26. Qa4 Rxf1+ 27.
Rxf1 Rf8 28. Qxa7 Rxf1+ 29. Kxf1 Bxd5 30. Qxb6 Qa1+ 31. Ne1 Qf6+ 32. Kg1 Qe6
33. Qd8+ Kf7 34. Qg5 h6 35. Qh5+ Kg7 36. Qe2 Bxb3 37. Qb2+ Kg8 38. e4 Be5 39.
Qb1 Bd4+ 40. Kg2 Qc4 41. e5 Qe2+ 42. Kh3 Be6+ 0-1

[Event "Werner-Ott-Open Kreuzberger Sommer 2017"]
[Site "Berlin"]
[Date "2017.07.22"]
[Round "8.14"]
[White "Weber, Erwin"]
[Black "Pubantz, Jan"]
[Result "1/2-1/2"]
[WhiteElo "2079"]
[BlackElo "2013"]
[PlyCount "62"]
[EventDate "2017.??.??"]
[WhiteTeam "SF 1903 Berlin"]
[BlackTeam "SK Ricklingen"]

1. Nf3 d5 2. d3 Bg4 3. Nbd2 Nf6 4. e4 e6 5. Be2 c6 6. c3 Be7 7. Qc2 dxe4 8.
dxe4 Nbd7 9. O-O O-O 10. Re1 Qc7 11. Bf1 h6 12. Nd4 a6 13. a4 c5 14. Ne2 b6 15.
Ng3 Nh5 16. Nc4 Nxg3 17. hxg3 Qc6 18. Bf4 b5 19. Ne3 Bh5 20. g4 Bg6 21. axb5
axb5 22. Rxa8 Rxa8 23. Nf5 Bf8 24. Ng3 c4 25. b4 Nf6 26. f3 Bd6 27. Bxd6 Qxd6
28. Qf2 Qe5 29. Ne2 Ra3 30. Rc1 Qd6 31. Qd4 Qc7 1/2-1/2

[Event "Werner-Ott-Open Kreuzberger Sommer 2017"]
[Site "Berlin"]
[Date "2017.07.22"]
[Round "8.15"]
[White "Wirth, Heinz"]
[Black "Nitsche-Hahn, Raphael"]
[Result "1/2-1/2"]
[WhiteElo "2067"]
[BlackElo "2010"]
[PlyCount "63"]
[EventDate "2017.??.??"]
[WhiteTeam "SC Weisse Dame (Berlin)"]
[BlackTeam "SV Empor Berlin"]

1. e4 c5 2. Nf3 Nc6 3. Bb5 Nf6 4. Bxc6 dxc6 5. d3 Bg4 6. Nbd2 Qc7 7. h3 Bh5 8.
Qe2 e6 9. b3 Be7 10. Bb2 Rg8 11. a4 Nd7 12. g4 Bg6 13. e5 O-O-O 14. a5 f5 15.
Nc4 fxg4 16. hxg4 h6 17. O-O-O Rdf8 {(=)} 18. Ba3 b5 19. axb6 axb6 20. d4 b5
21. Nd6+ Bxd6 22. exd6 Qxd6 23. Ne5 Nxe5 24. Bxc5 Qd5 25. Bxf8 Rxf8 26. dxe5
Qc5 27. Qd2 Qa3+ 28. Kb1 Qxb3+ 29. Kc1 Qa3+ 30. Kb1 Qb3+ 31. Kc1 Qa3+ 32. Kb1
1/2-1/2

[Event "Werner-Ott-Open Kreuzberger Sommer 2017"]
[Site "Berlin"]
[Date "2017.07.22"]
[Round "8.16"]
[White "Feil, Stephan"]
[Black "Plaza Reino, Agustin"]
[Result "0-1"]
[WhiteElo "2108"]
[BlackElo "1861"]
[PlyCount "114"]
[EventDate "2017.??.??"]
[WhiteTeam "SK Ladenburg"]
[BlackTeam "Enniscorthy CC"]

1. e4 c5 2. Nf3 e6 3. d3 Nc6 4. g3 g6 5. Bg2 Bg7 6. O-O d5 7. Qe2 Nge7 8. e5
Qc7 9. Re1 b6 10. Nc3 Ba6 11. a4 Nf5 12. Bf4 Rc8 13. Qd2 Nfd4 14. Kh1 O-O 15.
h4 Nxf3 16. Bxf3 Bxe5 17. Bh6 Bg7 18. h5 Nd4 19. Bxg7 Kxg7 20. h6+ Kg8 21. Bg2
Rcd8 22. a5 b5 23. Nd1 c4 24. Ne3 f5 25. Qc3 Nc6 26. d4 Qd6 27. Nf1 f4 28. Bh3
Bc8 29. Kg2 Rf6 30. Nh2 b4 31. Qd2 fxg3 32. fxg3 Rdf8 33. Rf1 Rxf1 34. Rxf1
Rxf1 35. Nxf1 Qe7 36. c3 bxc3 37. bxc3 Nxa5 38. Nh2 Nc6 39. Qe3 a5 40. Ng4 e5
41. Nxe5 Bxh3+ 42. Kxh3 a4 43. Qf3 Nxe5 44. Qxd5+ Nf7 45. Qxc4 a3 46. Qd5 Qf8
47. Kg2 Qxh6 48. Qa8+ Qf8 49. Qa5 Qe7 50. Kf2 Nd6 51. Kg1 Qe1+ 52. Kh2 Qe2+ 53.
Kg1 Qd1+ 54. Kg2 Qc2+ 55. Kg1 Qb1+ 56. Kh2 Qb2+ 57. Kh3 Nf7 0-1

[Event "Werner-Ott-Open Kreuzberger Sommer 2017"]
[Site "Berlin"]
[Date "2017.07.22"]
[Round "8.17"]
[White "Boettcher, Patrick"]
[Black "Lange, Cecilia"]
[Result "1/2-1/2"]
[WhiteElo "2104"]
[BlackElo "1883"]
[PlyCount "102"]
[EventDate "2017.??.??"]
[WhiteTeam "SC Zitadelle Spandau"]
[BlackTeam "TSG Oberschöneweide"]

1. d4 d5 2. c4 e6 3. Nf3 Nf6 4. g3 Be7 5. Bg2 O-O 6. O-O b6 7. Qc2 Bb7 8. cxd5
Nxd5 9. Rd1 Qc8 10. Nc3 Nxc3 11. Qxc3 Nd7 12. Bf4 Bd6 13. Ne5 Bxg2 14. Kxg2
Nxe5 15. dxe5 Bc5 16. b4 Be7 17. b5 Bc5 18. Be3 Bxe3 19. Qxe3 c5 20. bxc6 Qxc6+
21. f3 Rac8 22. Rac1 Qb5 23. Qe4 g6 24. Kf2 Rc5 25. a4 Qa5 26. Rxc5 Qxc5+ 27.
Qe3 Rc8 28. Rd7 a5 29. Rd4 Qc3 30. Qf4 Qc5 31. Qe3 Qc6 32. Qf4 Qc5 33. Kg2 Qc2
34. Rd2 Qc6 35. g4 b5 36. axb5 Qxb5 37. h4 Qc5 38. Rd7 Qf8 39. h5 gxh5 40. gxh5
Qg7+ 41. Kf2 h6 42. Rd1 Kh7 43. Qe4+ Kh8 44. Ra1 Rg8 45. Qf4 Qg2+ 46. Ke3 Qg5
47. Rxa5 Qg1+ 48. Ke4 Qb1+ 49. Ke3 Qg1+ 50. Ke4 Qb1+ 51. Ke3 Qg1+ 1/2-1/2

[Event "Werner-Ott-Open Kreuzberger Sommer 2017"]
[Site "Berlin"]
[Date "2017.07.22"]
[Round "8.18"]
[White "Kievelitz, Bernd"]
[Black "Kirchhof, Arno"]
[Result "1-0"]
[WhiteElo "1844"]
[BlackElo "2075"]
[PlyCount "63"]
[EventDate "2017.??.??"]
[WhiteTeam "SC Zitadelle Spandau"]
[BlackTeam "SC Zugzwang 95 (Berlin)"]

1. Nf3 d5 2. d4 Nf6 3. c4 e6 4. Nc3 Be7 5. Bf4 O-O 6. e3 Nbd7 7. h3 dxc4 8.
Bxc4 Nb6 9. Bd3 Nbd5 10. Bh2 Nxc3 11. bxc3 b6 12. Qc2 Bb7 13. e4 h6 14. O-O c5
15. Qe2 c4 16. Bc2 Ba3 17. Rab1 Rc8 18. Ne5 Bd6 19. f4 Qc7 20. a4 Nd7 21. Ng4
f6 22. e5 fxe5 23. fxe5 Ba3 24. Bf4 Nb8 25. Nxh6+ gxh6 26. Bxh6 Rf7 27. Rxf7
Qxf7 28. Rf1 Qd7 29. Qg4+ Kh8 30. Qh5 Qe8 31. Bg7+ Kxg7 32. Qh7# 1-0

[Event "Werner-Ott-Open Kreuzberger Sommer 2017"]
[Site "Berlin"]
[Date "2017.07.22"]
[Round "8.19"]
[White "Hilbig, Dieter"]
[Black "Grassi, Fabrizio"]
[Result "0-1"]
[WhiteElo "2015"]
[BlackElo "1848"]
[PlyCount "38"]
[EventDate "2017.??.??"]
[WhiteTeam "ESV Gera"]
[BlackTeam "SV Berlin-Friedrichstadt"]

1. e4 d5 2. exd5 Nf6 3. d4 Nxd5 4. Nf3 Bg4 5. c4 Nb6 6. c5 N6d7 7. Nc3 e5 8.
dxe5 Nc6 9. Bc4 Ndxe5 10. Qe2 Bxc5 11. Bf4 Bxf3 12. gxf3 Qd4 13. Nd5 O-O-O 14.
Rc1 Nxc4 15. Nxc7 Qxf4 16. Rxc4 Qxc7 17. O-O Nd4 18. Qe4 f5 19. Qe3 Rhe8 0-1

[Event "Werner-Ott-Open Kreuzberger Sommer 2017"]
[Site "Berlin"]
[Date "2017.07.22"]
[Round "8.20"]
[White "Brandt, Silvio"]
[Black "Jess, Arne"]
[Result "0-1"]
[WhiteElo "1981"]
[BlackElo "1839"]
[PlyCount "92"]
[EventDate "2017.??.??"]
[WhiteTeam "SK Großlehna"]
[BlackTeam "TSG Fredersdorf/Vogelsdorf"]

1. e4 c5 2. c3 d5 3. exd5 Qxd5 4. d4 Nc6 5. Nf3 Bg4 6. Be2 e6 7. Be3 cxd4 8.
cxd4 Nf6 9. Nc3 Qd6 10. O-O Be7 11. a3 a6 12. Qd2 O-O 13. Rfd1 Rfd8 14. Bf4 Qd7
15. Ne5 Nxe5 16. dxe5 Qc6 17. Qe1 Nh5 18. Be3 Bxe2 19. Qxe2 g6 20. g4 Ng7 21.
Rxd8+ Rxd8 22. Rd1 Rxd1+ 23. Qxd1 h5 24. gxh5 Nxh5 25. Qd4 Ng7 26. Qe4 Qc7 27.
Ne2 Nf5 28. Bd2 Qb6 29. Bc3 Bc5 30. Qf4 Qd8 31. Ng3 Qd1+ 32. Kg2 Nxg3 33. hxg3
Qd5+ 34. Qf3 Kf8 35. Qxd5 exd5 36. f4 Ke7 37. Kf3 Ke6 38. g4 d4 39. Bb4 Bxb4
40. axb4 Kd5 41. g5 d3 42. Ke3 d2 43. Kxd2 Ke4 44. Kc3 Kxf4 45. Kd4 Kxg5 46.
Kc5 Kf5 0-1